<?xml version="1.0" encoding="UTF-8"?>
<record
    xmlns:xsi="http://www.w3.org/2001/XMLSchema-instance"
    xsi:schemaLocation="http://www.loc.gov/MARC21/slim http://www.loc.gov/standards/marcxml/schema/MARC21slim.xsd"
    xmlns="http://www.loc.gov/MARC21/slim">

  <leader>02504nam a2200289   4500</leader>
  <controlfield tag="001">114342</controlfield>
  <controlfield tag="003">DR-UNIBE</controlfield>
  <controlfield tag="005">20260129110517.0</controlfield>
  <controlfield tag="008">260129b2013    dr ||||| |||| 00| 0 spa d</controlfield>
  <datafield tag="020" ind1=" " ind2=" ">
    <subfield code="a">9789945165296</subfield>
  </datafield>
  <datafield tag="040" ind1=" " ind2=" ">
    <subfield code="a">BIBLIOTECA UNIBE</subfield>
    <subfield code="c">BIBLIOTECA UNIBE</subfield>
    <subfield code="b">spa</subfield>
    <subfield code="e">rda</subfield>
  </datafield>
  <datafield tag="041" ind1=" " ind2=" ">
    <subfield code="a">spa</subfield>
  </datafield>
  <datafield tag="082" ind1=" " ind2=" ">
    <subfield code="a">RD 972.93053 R139d </subfield>
  </datafield>
  <datafield tag="100" ind1="1" ind2="0">
    <subfield code="a">Raful Tejada, Tony,</subfield>
    <subfield code="d">1951-</subfield>
    <subfield code="9">24120</subfield>
    <subfield code="e">autor</subfield>
  </datafield>
  <datafield tag="245" ind1="1" ind2="3">
    <subfield code="a">De Trujillo a Fern&#xE1;ndez Dom&#xED;nguez y Caama&#xF1;o : </subfield>
    <subfield code="b">el azar como categor&#xED;a hist&#xF3;rica (1930-1965) / </subfield>
    <subfield code="c">Tony Raful</subfield>
  </datafield>
  <datafield tag="250" ind1=" " ind2=" ">
    <subfield code="a">Primera edici&#xF3;n</subfield>
  </datafield>
  <datafield tag="260" ind1=" " ind2=" ">
    <subfield code="a">Santo Domingo : </subfield>
    <subfield code="b">Editora B&#xFA;ho,</subfield>
    <subfield code="c"> 2013</subfield>
  </datafield>
  <datafield tag="300" ind1=" " ind2=" ">
    <subfield code="a">397 p&#xE1;ginas :</subfield>
    <subfield code="b">fotos b/n ;</subfield>
    <subfield code="c">22 x15 cm</subfield>
  </datafield>
  <datafield tag="500" ind1=" " ind2=" ">
    <subfield code="a">Informaci&#xF3;n del autor en las solapas, comentario de la obra en la contraportada</subfield>
  </datafield>
  <datafield tag="505" ind1=" " ind2=" ">
    <subfield code="a">Dedicatoria |
Agradecimientos |
Introito al m&#xE9;todo en el cisne negro |
Notas preliminares de un ensayo plural |
Cap&#xED;tulo I. Proleg&#xF3;menos del poder absoluto y ca&#xED;da &#xE9;tica de una naci&#xF3;n |
Cap&#xED;tulo II. El estado del delincuente |
Cap&#xED;tulo III. Trasiegos en busca de la aurora |
Cap&#xED;tulo IV. El rechazo de Kennedy a golpe, nuevas tentativas |
Cap&#xED;tulo V. Sangre en la cordillera |
Cap&#xED;tulo VI. Magnicidio de Kennedy ayud&#xF3; al triunvirato |
Cap&#xED;tulo VII. Disc&#xED;pulos de Bosch multiplican la conspiraci&#xF3;n |
Cap&#xED;tulo VIII. El destino asedia la historia |
Cap&#xED;tulo IX. La ciudad en llamas |
Cap&#xED;tulo X. Guerra civil, guerra patria |
Cap&#xED;tulo XI. La f&#xF3;rmula Guzman en la hoguera de mayo |
Cap&#xED;tulo XII. El misterio y la ca&#xED;da de Fern&#xE1;ndez Dom&#xED;nguez |
Cap&#xED;tulo XIII. Caama&#xF1;o invita a comunistas a romper el cerco|
Cap&#xED;tulo XIV. La intervenci&#xF3;n militar norteamericana, el comunismo y el Che Guevara en Santo Domingo |
Cap&#xED;tulo XV. La carta de Fidel de L&#xF3;pez Molina, quej&#xE1;ndose de que Fidel no interviniera en la Guerra de Abril 1965 |
Cap&#xED;tulo XVI. Caama&#xF1;o |
Cap&#xED;tulo XVII. &#xBF;Realismo m&#xE1;gico o lo real maravilloso en el gobierno de Caama&#xF1;o? |
Cap&#xED;tulo XVIII. Lectura futura del pasado |
Resumen y conclusiones |
Citas |
Documentos anexos |
Bibliograf&#xED;a</subfield>
  </datafield>
  <datafield tag="651" ind1=" " ind2="7">
    <subfield code="2">lemb</subfield>
    <subfield code="a">Rep&#xFA;blica Dominicana</subfield>
    <subfield code="x">Historia</subfield>
    <subfield code="x">Era de Trujillo 1930-1961</subfield>
    <subfield code="9">193440</subfield>
  </datafield>
  <datafield tag="651" ind1=" " ind2="7">
    <subfield code="2">lemb</subfield>
    <subfield code="a">Rep&#xFA;blica Dominicana</subfield>
    <subfield code="x">Historia</subfield>
    <subfield code="x">Revoluci&#xF3;n de abril 165</subfield>
    <subfield code="9">201910</subfield>
  </datafield>
  <datafield tag="651" ind1=" " ind2="7">
    <subfield code="2">lemb</subfield>
    <subfield code="a">Rep&#xFA;blica Dominicana</subfield>
    <subfield code="x">Historia</subfield>
    <subfield code="x">Movimiento 14 de junio 1959</subfield>
    <subfield code="9">201911</subfield>
  </datafield>
  <datafield tag="651" ind1=" " ind2="7">
    <subfield code="2">lemb</subfield>
    <subfield code="a">Rep&#xFA;blica Dominicana</subfield>
    <subfield code="x">Historia</subfield>
    <subfield code="y">1930-1965</subfield>
    <subfield code="9">201912</subfield>
  </datafield>
  <datafield tag="700" ind1="1" ind2="0">
    <subfield code="a">Deschamps, Alexandra</subfield>
    <subfield code="9">56287</subfield>
    <subfield code="e">diagramador</subfield>
    <subfield code="e">cubierta</subfield>
  </datafield>
  <datafield tag="942" ind1=" " ind2=" ">
    <subfield code="2">ddc</subfield>
    <subfield code="c">BK</subfield>
  </datafield>
  <datafield tag="999" ind1=" " ind2=" ">
    <subfield code="c">114342</subfield>
    <subfield code="d">114342</subfield>
  </datafield>
  <datafield tag="952" ind1=" " ind2=" ">
    <subfield code="0">0</subfield>
    <subfield code="1">0</subfield>
    <subfield code="2">ddc</subfield>
    <subfield code="7">0</subfield>
    <subfield code="8">GEN-RD</subfield>
    <subfield code="a">Principal</subfield>
    <subfield code="d">2025-11-12</subfield>
    <subfield code="l">0</subfield>
    <subfield code="o">RD 972.93053 R139d </subfield>
    <subfield code="p">260057</subfield>
    <subfield code="r">2026-01-29 10:12:12</subfield>
    <subfield code="t">Ej. 1</subfield>
    <subfield code="w">2026-01-29</subfield>
    <subfield code="y">BK</subfield>
  </datafield>
</record>
